Protozoan parasites of fishes
Uloženo v:
| Hlavní autoři: | , |
|---|---|
| Médium: | Kniha |
| Jazyk: | angličtina |
| Vydáno: |
Amsterdam
Elsevier
1992
|
| Edice: | Developments in Aquaculture and Fisheries Science, 26
|
| Témata: | |
| Tagy: |
Přidat tag
Žádné tagy, Buďte první, kdo vytvoří štítek k tomuto záznamu!
|
MARC
| LEADER | 00000nam a2200000 a 4500 | ||
|---|---|---|---|
| 001 | UCZ2496 | ||
| 003 | CL-VaPUC | ||
| 008 | 951005e19920000NE |||||||||||||||||eng|d | ||
| 082 | 0 | 4 | |a 593.1 |b LOM |2 21 |
| 100 | |a Lom, Jirí |e autor |9 346249 | ||
| 700 | 0 | |a Dyková, Iva |e author |9 346250 | |
| 245 | 1 | 0 | |a Protozoan parasites of fishes |
| 300 | |a 315 p | ||
| 942 | |c BK | ||
| 945 | |d 19951005 00:00:00 |a awong | ||
| 260 | |a Amsterdam |b Elsevier |c 1992 | ||
| 650 | 7 | |a PECES |2 CL-VaPUC |9 346251 | |
| 650 | 0 | |a Parásitos |9 346252 | |
| 650 | 7 | |a PROTOZOOS |2 CL-VaPUC |9 346253 | |
| 583 | |a last modification |c 19951005 00:00:00 |k Rodrigo Vera | ||
| 490 | 0 | |a Developments in Aquaculture and Fisheries Science, 26 | |
| 999 | |c 239079 |d 239077 | ||
| 952 | |0 0 |1 0 |2 ddc |4 0 |6 593_100000000000000_LOM_1992 |7 0 |8 CCM |9 249898 |a BIBCUR |b BIBCUR |c PAC |d 2019-11-18 |i 3140814 |o 593.1 LOM 1992 |p 3140814 |r 2025-04-22 |w 2019-11-18 |y BK |k CIM | ||